000 00321nam a2200133 i 4500
001 bg
100 1 _aSIEGFRIED, H. J.
245 0 _aOd teorii mnogoĊ›ci do algebry logiki /
_cH.J. Siegfried.
260 _aWarszawa,
_c1977.
040 _cBPK
041 _apol
942 _cKS
008 s pl f |000 0 pol
999 _c17484
_d17484
856 _uhttp://koha.tu.koszalin.pl/cgi-bin/koha/opac-detail.pl?biblionumber=17484
_yKatalog online BPK